Normal view MARC view

Entry Topical Term

Number of records used in: 1

001 - CONTROL NUMBER

  • control field: 65940

003 - CONTROL NUMBER IDENTIFIER

  • control field: OSt

005 - DATE AND TIME OF LATEST TRANSACTION

  • control field: 20260203082942.0

008 - FIXED-LENGTH DATA ELEMENTS

  • fixed length control field: 260203|| aca||aabn | a|a d

040 ## - CATALOGING SOURCE

  • Original cataloging agency: OSt
  • Transcribing agency: OSt

150 ## - HEADING--TOPICAL TERM

  • Topical term or geographic name entry element: History
  • General subdivision: Socialist Economy
  • Chronological subdivision: Socialist Economy (1974-1988)
  • Geographic subdivision: Myanmar

670 ## - SOURCE DATA FOUND

  • Source citation: Work cat.: (OSt)47303: Nilar Khaing 4 PhD-His-11 65939, An Anytical study on Socialist Economy (1974-1988)., May 2013.

Library - 09407999929
Admin Office - 09407999979
Dean Office - 09250910768
Registrar Office - 09892297154
Email - [email protected]
Shan State Buddhist University, Phaya Phyu Taunggyi, Shan State, Myanmar.